00840nam a22002177a 4500003000500000008004100005020001800046040000800064041001300072082001300085100003500098245002800133250002600161260005200187300003500239336002700274337003300301338002900334505023200363650002700595BPGM260618e1997 mx bcdog |||| 001 0 spa d a968-7377-32-1 bspa aspahspa042900a033 aBECERRIL SANCHEZ JORGEeAUTOR  aMUNICIPIO DE HUIMILPAN  aPRIMERA EDICIONb1997 aMEXICO bGOBIERNO DEL ESTADO DE QUERETAROc1997 a145 paginas c21 cm x 13.6 cm  2rdacontentatextobtxt 2rdamediaasin mediaciónbn 2rdacarrieravolumen bnc aEs una monografía que ofrece un panorama histórico, cultural y social de este municipio ubicado en la zona sur del estado de Querétaro, destacando su identidad agrícola, sus comunidades rurales y su tradición otomí. 2GEOGRAFÍA E HISTORIA